<?xml version="1.0" encoding="UTF-8"?>
<marc:record xmlns:marc="http://www.loc.gov/MARC21/slim">
   <marc:leader>00000nam a2200000 a 4500</marc:leader>
   <marc:datafield ind1="1" ind2=" " tag="100">
      <marc:subfield code="a">Taylor, Laini</marc:subfield>
      <marc:subfield code="4">aut</marc:subfield>
      <marc:subfield code="e">Verfasser/-in</marc:subfield>
   </marc:datafield>
   <marc:datafield ind1=" " ind2=" " tag="653">
      <marc:subfield code="a">Jugend / TEENS</marc:subfield>
   </marc:datafield>
   <marc:datafield ind1=" " ind2=" " tag="653">
      <marc:subfield code="a">Fantasy</marc:subfield>
   </marc:datafield>
   <marc:datafield ind1=" " ind2=" " tag="653">
      <marc:subfield code="a">Trilogie</marc:subfield>
   </marc:datafield>
   <marc:datafield ind1="0" ind2="0" tag="245">
      <marc:subfield code="a">Daughter of Smoke and Bone</marc:subfield>
   </marc:datafield>
   <marc:datafield ind1="0" ind2="0" tag="245">
      <marc:subfield code="c">Taylor, Laini</marc:subfield>
   </marc:datafield>
   <marc:datafield ind1=" " ind2="1" tag="264">
      <marc:subfield code="a">Frankfurt am Main</marc:subfield>
      <marc:subfield code="b">S.Fischer Verlag GmbH</marc:subfield>
      <marc:subfield code="c">2012</marc:subfield>
   </marc:datafield>
   <marc:datafield ind1="1" ind2=" " tag="490">
      <marc:subfield code="a">Zwischen den Welten</marc:subfield>
      <marc:subfield code="v">Band 1</marc:subfield>
   </marc:datafield>
   <marc:datafield ind1="1" ind2=" " tag="520">
      <marc:subfield code="a">Quelle: bn.bibliotheksnachrichten (http://www.biblio.at/literatur/bn/index.html); &#xD;
Autor: Cornelia Gstöttinger; &#xD;
Bildgewaltiges Fantasyepos über einen uralten Krieg, die Sehnsucht nach Frieden und die Macht der Hoffnung. (ab 15) (DR)&#xD;
Laini Taylor entwirft in diesem Auftakt einer fesselnden Fantasytrilogie eine faszinierende fremde Welt, die sie mit großer Fabulierlust ausgestaltet. Außergewöhnlich ist auch die Protagonistin Karou, eine toughe Kunststudentin in Prag, deren Skizzenbuch monsterhafte Wesen, halb Mensch, halb Tier, zieren. Diese geheimnisvollen Chimären entstammen allerdings nicht Karous Fantasie, sondern sind vielmehr zum Familienersatz des verwaisten Mädchens geworden, das von klein auf "zwischen den Welten" lebt und immer wieder gefährliche Aufträge für den mächtigen Wunschhändler Brimstone ausführt. Doch warum hat Brimstone ihr nichts von ihrer Herkunft erzählt? Warum trägt sie diesen Abwehrzauber, diese Tattoos, auf den Handinnenflächen? Als sich die Portale zu der anderen Welt schließen, scheint es zu spät für diese Fragen zu sein. Karou befindet sich bereits mitten in den Fängen eines uralten erbarmungslosen Krieges und sieht sich wenig später einem Fremden mit feuerfarbenen Augen und seinem todbringenden Schwert gegenüber...&#xD;
Ein faszinierend anderer Fantasykosmos vor malerischer Kulisse, der schräg, irre, in seinem prallen, ausladenden Erzählgestus auch etwas überbordend ist, mit seinen frechen, lebendigen Dialogen und dem komplexen Handlungsgerüst mit Rückblenden und Perspektivenwechseln aber absolut überzeugt. Im Zentrum des fesselnden Plots steht mit Karou eine unglaublich starke, präsente Heldin, die mit Schwermut und Einsamkeit zu kämpfen hat. Doch dann, im unmöglichsten Augenblick, beginnen plötzlich die Schmetterlinge in ihrem Bauch zu tanzen und die Leere zu verdrängen...&#xD;
Große Gefühle werden in epischer Breite und sinnlichen Bildern auf eine märchenhafte Leinwand gemalt. Mal verrückt, wild und leidenschaftlich, mal sinnlich, zart und poetisch - eine überaus verführerische Mischung für LeserInnen von Romantasy und Paranormal Fantasy. Gleich gemeinsam mit der Fortsetzung einstellen!&#xD;
&#xD;
 ---- &#xD;
Quelle: STUBE (http://www.stube.at/); &#xD;
Karou lebt ein Doppelleben als Kunststudentin und Aushilfe im Laden ihres Ziehvaters, des Wunschhändlers Brimstone, der Zähne gegen Wünsche tauscht. Da er eine Chimäre ist, sein  Körper also Merkmale von Tieren aufweist, ist es an Karou bestimmte Erledigungen zu übernehmen, weil nur sie den Laden ohne Aufsehen verlassen kann: Eine magische Tür bringt sie zu unzähligen Orten auf der Welt. Als das Mädchen am Rückweg einmal nur knapp dem tödlichen Angriff eines Engels, der gegen Brimstone vorgeht, entrinnt, wird sie vom Laden abgeschnitten und bleibt mit vielen ungelösten Rätseln allein. Aus der Sicht von Karou und Akiva, dem Engel, entspinnt sich eine Geschichte über Liebe im Krieg, Seelenwanderung und das Handeln, wenn entscheidende Informationen fehlen: Erst am Ende des Textes verknüpfen sich viele Fäden zu einem Ganzen, lassen allerdings noch deutlich Raum für die geplanten Folgebände.&#xD;
*Sonja Loidl / STUBE*</marc:subfield>
   </marc:datafield>
   <marc:datafield ind1=" " ind2=" " tag="020">
      <marc:subfield code="a">9783841421364</marc:subfield>
      <marc:subfield code="9">9783841421364</marc:subfield>
   </marc:datafield>
   <marc:datafield ind1=" " ind2=" " tag="020">
      <marc:subfield code="a">3841421369</marc:subfield>
      <marc:subfield code="9">3841421369</marc:subfield>
   </marc:datafield>
   <marc:datafield ind1=" " ind2=" " tag="041">
      <marc:subfield code="a">ger</marc:subfield>
   </marc:datafield>
   <marc:datafield ind1="0" ind2=" " tag="490">
      <marc:subfield code="v">Band 1</marc:subfield>
   </marc:datafield>
   <marc:datafield ind1=" " ind2=" " tag="338">
      <marc:subfield code="a">Band</marc:subfield>
   </marc:datafield>
   <marc:datafield ind1=" " ind2=" " tag="300">
      <marc:subfield code="a">491 S.</marc:subfield>
   </marc:datafield>
</marc:record>
